El ideal de un calavera

Tallennettuna:
Bibliografiset tiedot
Päätekijä: Blest Gana, Alberto (Tekijä)
Aineistotyyppi: Kirja
Kieli:espanja
Julkaistu: Barcelona Andrés Bello 1999
Sarja:Colección Clásicos de la Literatura Chilena
Aiheet:
Tagit: Lisää tagi
Ei tageja, Lisää ensimmäinen tagi!

MARC

LEADER 00000nam a2200000 a 4500
001 UCN0974
003 CL-VaPUC
008 010406e19990000SP |||||||||||||||||spa|d
082 0 4 |a Ch863  |b BLE  |2 21 
100 |a Blest Gana, Alberto  |e author  |9 344235 
245 1 3 |a El ideal de un calavera 
300 |a 618 p 
942 |c BK 
945 |d 20010406 00:00:00  |a vberengu 
260 |a Barcelona  |b Andrés Bello  |c 1999 
650 0 |a Literatura chilena   |9 308278 
650 0 |a Novelas chilenas   |9 265425 
583 |a last modification  |c 20010406 00:00:00  |k Rodrigo Vera 
490 0 |a Colección Clásicos de la Literatura Chilena 
999 |c 294580  |d 294578 
952 |0 0  |1 0  |4 0  |6 CH_863_000000000000000_BLE_1999  |7 0  |8 A  |9 347092  |a BIBGIM  |b BIBGIM  |d 2019-11-20  |i 3711161  |o Ch863 BLE 1999  |p 3711161  |r 2025-01-15  |w 2019-11-20  |y BK  |k CUG